[Event "DRUGA LIGA CENTRALNE SRBIJE 2013 - Istok"]
[Site "Zajecar"]
[Date "2013.10.11"]
[Round "3.11"]
[White "Blagojevic, Vladan"]
[Black "Popchev, Milko"]
[Result "0-1"]
[WhiteElo "2148"]
[BlackElo "2413"]
[PlyCount "0"]
[EventDate "2013.10.10"]

1.Nf3 g6 2.g3 Bg7 3.Bg2 e5 4.e4 Ne7 5.O-O O-O 6.d4 exd4 7.Nxd4
d6 8.Nc3 Nbc6 9.Be3 Ne5 10.h3 Nc4 11.Bc1 Nc6 12.Nxc6 bxc6 13.Qd3
Be6 14.b3 0-1

[Event "DRUGA LIGA CENTRALNE SRBIJE 2013 - Istok"]
[Site "Zajecar"]
[Date "2013.10.11"]
[Round "3.12"]
[White "Kostic, Nebojsa"]
[Black "Radovanovic, Nikola **"]
[Result "1/2-1/2"]
[WhiteElo "2284"]
[BlackElo "2295"]
[PlyCount "0"]
[EventDate "2013.10.10"]

1.c4 c5 2.Nf3 Nf6 3.d4 g6 4.Nc3 Bg7 5.e4 O-O 6.Be2 d6 7.O-O Na6
8.Rb1 b6 9.Re1 Nc7 10.Bf1 Bg4 11.d5 Rb8 12.h3 Bxf3 13.Qxf3 a6
14.a4 e5 15.dxe6 Nxe6 16.Be3 Nd4 17.Qd1 Ne8 18.Ne2 Nxe2+ 19.Rxe2
Qe7 20.Qd2 Qxe4 21.Rc1 Qc6 22.b3 Nc7 23.Rd1 Rbd8 24.Bg5 Rd7 25.g3
Ne6 26.Bg2 Qc7 27.Be3 Re7 28.Rde1 Rfe8 29.Bd5 Qd7 30.Kg2 b5 31.axb5
axb5 32.cxb5 Qxb5 33.Bg5 Rd7 34.Rxe6 fxe6 35.Rxe6 Rxe6 36.Bxe6+
Kh8 37.Bxd7 Qb7+ 38.f3 Qxd7 39.Qd5 h6 40.Bf4 Qb5 41.Qc4 Qc6 42.Qe6
Qa6 43.h4 Qa2+ 44.Kh3 Qf2 45.Kg4 Kh7 46.Qe3 1/2-1/2

[Event "DRUGA LIGA CENTRALNE SRBIJE 2013 - Istok"]
[Site "Zajecar"]
[Date "2013.10.11"]
[Round "3.13"]
[White "Radovic, Luka **"]
[Black "Djordjevic, Nebojsa"]
[Result "0-1"]
[WhiteElo "2089"]
[BlackElo "2251"]
[PlyCount "0"]
[EventDate "2013.10.10"]

1.Nf3 Nf6 2.g3 d5 3.c4 c6 4.b3 e6 5.Bg2 Be7 6.Bb2 O-O 7.O-O b6
8.d3 Bb7 9.Nbd2 c5 10.e3 Nc6 11.Qe2 Qc7 12.Rfd1 Rad8 13.Rac1
dxc4 14.Nxc4 b5 15.Nce5 Nxe5 16.Nxe5 Bxg2 17.Kxg2 Bd6 18.d4 Bxe5
19.dxe5 Rxd1 20.Qxd1 Nd7 21.Qd6 Qxd6 22.exd6 f6 23.e4 e5 24.f4
Rc8 25.Kf3 Rc6 26.Rd1 Kf7 27.Ke3 Ke6 28.f5+ Kf7 29.Ba3 b4 30.Bc1
Ke8 31.Ke2 Nb6 32.Be3 Kd7 33.h4 Nc8 34.Rd5 c4 35.Rb5 Nxd6 36.Rxb4
Nxe4 37.g4 Nc3+ 38.Kd2 Nd5 0-1

[Event "DRUGA LIGA CENTRALNE SRBIJE 2013 - Istok"]
[Site "Zajecar"]
[Date "2013.10.11"]
[Round "3.14"]
[White "Djordjevic, Vuk **"]
[Black "Djuretanovic, Ivan"]
[Result "0-1"]
[WhiteElo "2123"]
[BlackElo "2033"]
[PlyCount "0"]
[EventDate "2013.10.10"]

1.d4 Nf6 2.Bg5 d5 3.Bxf6 gxf6 4.g3 e5 5.e3 h5 6.h4 c5 7.c3 Nc6
8.dxe5 fxe5 9.Bg2 Be6 10.Ne2 Qd7 11.O-O O-O-O 12.Na3 Bh3 13.Qa4
Bxg2 14.Kxg2 f5 15.Rac1 Kb8 16.Rfd1 Rg8 17.Nc2 Rg4 18.Qb5 Be7
19.e4 d4 20.cxd4 exd4 21.e5 Qd5+ 22.f3 Nxe5 23.Ncxd4 Rxd4 24.Nxd4
cxd4 25.Qxd5 Rxd5 26.f4 Ng4 27.Kf3 Bc5 28.Rd3 a5 29.Re1 Rd7 30.a3
Rd6 31.Re8+ Ka7 32.a4 Rb6 33.b3 Rd6 34.Re2 Bb4 35.Rc2 Kb6 36.Re2
Bc3 37.Re7 Kc6 38.Rf7 Nf6 39.Re7 Ng4 40.Rf7 Rf6 41.Rh7 Nh6 42.Rg7
b6 43.Rg5 Kc5 44.Rxh5 Kb4 45.g4 Nxg4 46.Rxf5 Rxf5 47.Kxg4 Rf8 0-1

[Event "DRUGA LIGA CENTRALNE SRBIJE 2013 - Istok"]
[Site "Zajecar"]
[Date "2013.10.11"]
[Round "3.15"]
[White "Lazic, Milan B"]
[Black "Petrov, Georgi"]
[Result "1-0"]
[WhiteElo "1982"]
[BlackElo "2219"]
[PlyCount "0"]
[EventDate "2013.10.10"]

1.e4 c5 2.c3 Nc6 3.d4 cxd4 4.cxd4 d5 5.exd5 Qxd5 6.Nf3 Bg4 7.Nc3
Bxf3 8.gxf3 Qxd4 9.Qxd4 Nxd4 10.Nb5 Ne6 11.Bh3 Rc8 12.Nxa7 Rc5
13.Be3 Ra5 14.Rc1 f5 15.Bf1 f4 16.Bb6 Re5+ 17.Kd2 Rd5+ 18.Kc3
Nf6 19.Bc4 g6 20.Rhd1 Bg7 21.Kb4 Re5 22.Re1 Rxe1 23.Rxe1 Ng5
24.Nc8 Ng8 25.Rd1 Nf7 26.Bb5+ Kf8 27.Bc5 Bxb2 28.Rd7 Bf6 29.Rxb7
Ng5 30.Bc4 Nxf3 31.Bxg8 Kxg8 32.Nxe7+ Bxe7 33.Rxe7 h5 34.Re8+
Kg7 35.Rxh8 Kxh8 36.Bd6 Nxh2 37.Bxf4 Ng4 38.f3 Nf2 39.Kc4 Kg8
40.a4 Nd1 41.a5 Nb2+ 42.Kd4 Na4 43.Bc7 1-0

[Event "DRUGA LIGA CENTRALNE SRBIJE 2013 - Istok"]
[Site "Zajecar"]
[Date "2013.10.11"]
[Round "3.16"]
[White "Djukic, Nebojsa"]
[Black "Dragojevic, Dragan"]
[Result "1-0"]
[WhiteElo "2177"]
[BlackElo "1960"]
[PlyCount "0"]
[EventDate "2013.10.10"]

1.e4 e5 2.Nf3 Nc6 3.Bc4 Bc5 4.Nc3 Nf6 5.d3 O-O 6.O-O a6 7.Be3
Bxe3 8.fxe3 d6 9.Qe1 Na5 10.Bb3 Nxb3 11.axb3 b5 12.Nxb5 Bb7 13.Nc3
Qe7 14.Qg3 Ne8 15.Nh4 Qe6 16.Rf2 f6 17.Raf1 c6 18.Nf5 g6 19.Nh6+
Kg7 20.Qh4 Bc8 21.h3 Rb8 22.g4 Rb4 23.Rf3 d5 24.g5 dxe4 25.dxe4
fxg5 26.Qxg5 Rxf3 27.Rxf3 Rb7 28.Ng4 Rf7 29.Qxe5+ Qxe5 30.Rxf7+
Kxf7 31.Nxe5+ Kf6 32.Nxc6 Bxh3 33.Kf2 Ke6 1-0

[Event "DRUGA LIGA CENTRALNE SRBIJE 2013 - Istok"]
[Site "Zajecar"]
[Date "2013.10.11"]
[Round "3.17"]
[White "Mitic, Zoran"]
[Black "Stoimenov, Roki"]
[Result "1-0"]
[WhiteElo "1933"]
[BlackElo "2053"]
[PlyCount "0"]
[EventDate "2013.10.10"]

1.e4 e6 2.d4 d5 3.Nd2 dxe4 4.Nxe4 Nf6 5.Bd3 Nxe4 6.Bxe4 c5 7.Ne2
cxd4 8.Qxd4 Qxd4 9.Nxd4 Bc5 10.Be3 Bxd4 11.Bxd4 O-O 12.Rd1 Nd7
13.O-O e5 14.Be3 Nf6 15.Bf3 e4 16.Be2 Be6 17.Rd4 Rac8 18.c4 h6
19.b3 Rfe8 20.Rfd1 b6 21.h3 Re7 22.Bf4 Rd7 23.f3 exf3 24.Bxf3
Kf8 25.Rxd7 Bxd7 26.Bd6+ Kg8 27.Be7 Bc6 28.Bxf6 Bxf3 29.gxf3
gxf6 30.Rd7 Ra8 31.Kf2 Kg7 32.Ke3 Re8+ 33.Kd4 a6 34.Rd6 Re6 35.Kd5
Re5+ 36.Kc6 Re2 37.Kxb6 Rxa2 38.c5 Ra3 1-0

[Event "DRUGA LIGA CENTRALNE SRBIJE 2013 - Istok"]
[Site "Zajecar"]
[Date "2013.10.11"]
[Round "3.18"]
[White "Bozilov, Dragan **"]
[Black "Radovic, Janko **"]
[Result "0-1"]
[WhiteElo "1925"]
[BlackElo "2077"]
[PlyCount "0"]
[EventDate "2013.10.10"]

1.d4 Nf6 2.c4 c5 3.Nf3 e6 4.e3 cxd4 5.Nxd4 d5 6.Nc3 Be7 7.cxd5
Nxd5 8.Bb5+ Bd7 9.Nxd5 exd5 10.Bd3 Nc6 11.Nxc6 Bxc6 12.O-O O-O
13.Qc2 g6 14.Rd1 Rc8 15.Bf1 Bf6 16.Bd2 Qd7 17.Bb4 Rfd8 18.Qd2
Qe6 19.Bc5 a6 20.Bd4 Re8 21.Rac1 Rcd8 22.g3 Qf5 23.Bxa6 Bxd4
24.Qxd4 Ra8 25.Bd3 Qf3 26.Bf1 Rxa2 27.Bg2 Qf5 28.g4 Qg5 29.h3
h5 30.Rd2 hxg4 31.Qxg4 Qf6 32.Qb4 Qg5 33.Qg4 Qe7 34.Qd1 Raa8
35.Rd4 Red8 36.Qg4 Ra2 37.Qe2 Qf6 38.Rcd1 Ra5 39.R1d2 Qe5 0-1

[Event "DRUGA LIGA CENTRALNE SRBIJE 2013 - Istok"]
[Site "Zajecar"]
[Date "2013.10.11"]
[Round "3.21"]
[White "Milovanovic, Srboljub"]
[Black "Raicevic, Ivica"]
[Result "0-1"]
[WhiteElo "2222"]
[BlackElo "2264"]
[PlyCount "0"]
[EventDate "2013.10.10"]

1.d4 e6 2.Nf3 Nf6 3.g3 c5 4.c3 b6 5.Bg2 Bb7 6.O-O Be7 7.Re1 O-O
8.Nbd2 d6 9.e4 cxd4 10.Nxd4 Qc8 11.a4 a6 12.Qe2 Nbd7 13.c4 Qc7
14.b4 Rfe8 15.Ba3 Bf8 16.Rec1 Rac8 17.N4b3 Qb8 18.a5 Ba8 19.axb6
Qxb6 20.h3 Rc7 21.Rab1 Rec8 22.Kf1 Ne5 23.Na5 Nc6 24.Nxc6 Qxc6
25.Qd3 Qa4 26.Bb2 Nd7 27.Bc3 Ne5 28.Bxe5 dxe5 29.Qc2 Qd7 30.c5
a5 31.bxa5 Rxc5 32.Qb2 Qd3+ 33.Kg1 Rc2 0-1

[Event "DRUGA LIGA CENTRALNE SRBIJE 2013 - Istok"]
[Site "Zajecar"]
[Date "2013.10.11"]
[Round "3.22"]
[White "Dmitrovic, Tomislav"]
[Black "Zivkovic, Marko"]
[Result "1/2-1/2"]
[WhiteElo "2249"]
[BlackElo "2172"]
[PlyCount "0"]
[EventDate "2013.10.10"]

1.d4 Nf6 2.Bg5 c5 3.d5 Qb6 4.Nc3 h6 5.Bd2 d6 6.e4 g6 7.h3 Bg7
8.a4 O-O 9.Nge2 Na6 10.a5 Qd8 11.Ng3 Nc7 12.Qc1 Kh7 13.h4 h5
14.Bc4 e6 15.O-O exd5 16.exd5 Ng4 17.Bg5 f6 18.Bf4 f5 19.Bg5
Bf6 1/2-1/2

[Event "DRUGA LIGA CENTRALNE SRBIJE 2013 - Istok"]
[Site "Zajecar"]
[Date "2013.10.11"]
[Round "3.23"]
[White "Kraguljac, Pero"]
[Black "Markovic, Marko"]
[Result "0-1"]
[WhiteElo "2126"]
[BlackElo "2292"]
[PlyCount "0"]
[EventDate "2013.10.10"]

1.Nf3 Nc6 2.g3 e5 3.d3 g6 4.Bg2 Bg7 5.O-O Nge7 6.e4 O-O 7.c3
d6 8.Nbd2 h6 9.Nc4 f5 10.exf5 Nxf5 11.Ne3 Nce7 12.Ne1 c6 13.N1c2
Be6 14.d4 exd4 15.Nxf5 Nxf5 16.Nxd4 Nxd4 17.cxd4 d5 18.Be3 Qd7
19.Qd2 Kh7 20.Rfe1 g5 21.f4 g4 22.Bf2 Bf5 23.Re2 Bf6 24.Rae1
Rae8 25.Re5 Kg6 26.Bf1 Bxe5 27.fxe5 Be4 28.Be3 Qf5 29.Be2 h5
30.Bf4 Rf7 31.Qb4 Qe6 32.Qa4 a6 33.Rf1 Ref8 34.Qd1 Kg7 35.Qd2
Qg6 36.Qe3 Kg8 37.Rf2 Qe6 38.Qa3 Bg6 39.Qb4 Qf5 40.Qd6 Rd7 41.Qa3
Qe6 42.Rf1 Rdf7 43.Qe3 Kh7 44.Rd1 Be4 45.Rf1 Kg8 46.Qb3 Rh7 47.Qd1
Qg6 48.Rf2 Bf5 49.Qb3 Bc8 50.Bd3 Bf5 51.Be2 Rff7 52.Qb6 Kg7 53.Qb3
h4 54.Qe3 hxg3 55.Bxg3 Be4 56.Rf4 Rxf4 57.Qxf4 Qf5 58.Qe3 Kg8
59.Qa3 Qe6 60.Qa5 Rd7 61.Qd2 Rg7 62.Qa5 Kh7 63.Qd8 Qh6 64.e6
Qe3+ 65.Kf1 0-1

[Event "DRUGA LIGA CENTRALNE SRBIJE 2013 - Istok"]
[Site "Zajecar"]
[Date "2013.10.11"]
[Round "3.26"]
[White "Maksimovic, Boban"]
[Black "Arandjelovic, Aleksandar Z"]
[Result "1-0"]
[WhiteElo "2194"]
[BlackElo "2068"]
[PlyCount "0"]
[EventDate "2013.10.10"]

1.d4 Nf6 2.Nc3 g6 3.e4 Bg7 4.Nf3 O-O 5.g3 d6 6.Bg2 Nc6 7.O-O
Bg4 8.Bg5 h6 9.Be3 Qc8 10.Ne1 e5 11.d5 Ne7 12.f3 Bh3 13.Bf2 Bxg2
14.Kxg2 Nh5 15.Rc1 b6 16.b4 a5 1-0

[Event "DRUGA LIGA CENTRALNE SRBIJE 2013 - Istok"]
[Site "Zajecar"]
[Date "2013.10.11"]
[Round "3.27"]
[White "Stankovic, Sara **"]
[Black "Lazovic, Bozidar **"]
[Result "0-1"]
[WhiteElo "1434"]
[BlackElo "1829"]
[PlyCount "0"]
[EventDate "2013.10.10"]

1.e4 c5 2.Nf3 d6 3.d4 cxd4 4.Nxd4 Nf6 5.Nc3 g6 6.Be2 Bg7 7.O-O
O-O 8.Be3 Nc6 9.Nb3 a5 10.f4 Nd7 11.Qe1 a4 12.Nc1 a3 13.b3 Nc5
14.Bf3 Nd4 15.Bxd4 Bxd4+ 16.Kh1 Bg7 17.N1e2 Be6 18.Rd1 Qb8 19.Nb5
Bd7 20.Nbc3 Bc6 21.Nd5 Re8 22.Nd4 e6 23.Nxc6 bxc6 24.Nb4 Qc7
25.e5 d5 26.Qe3 Bf8 27.Nd3 Na6 28.g4 Rad8 29.f5 exf5 30.gxf5
Nb4 31.Nxb4 Bxb4 32.f6 Qxe5 33.Qh6 Bf8 34.Qh4 Rb8 35.Rd4 Re6
36.Bd1 Rbe8 37.Kg2 Bc5 38.Rg4 Qc3 39.Rf2 Re1 40.Rg3 Qa1 41.Bh5
Rg1+ 42.Kh3 Bd6 43.Rxg1 Qxg1 44.Rg2 Re3+ 45.Qg3 Rxg3+ 46.hxg3
Qh1+ 47.Rh2 Qf1+ 48.Kh4 gxh5 49.Kxh5 Qxf6 50.Rd2 Qg6+ 51.Kh4
Qh6+ 0-1

[Event "DRUGA LIGA CENTRALNE SRBIJE 2013 - Istok"]
[Site "Zajecar"]
[Date "2013.10.11"]
[Round "3.32"]
[White "Bura, Goran"]
[Black "Stefanovic, Vladimir"]
[Result "1-0"]
[WhiteElo "2202"]
[BlackElo "2200"]
[PlyCount "0"]
[EventDate "2013.10.10"]

1.e4 c5 2.Nc3 Nc6 3.Bb5 Nd4 4.Bc4 g6 5.Nf3 Bg7 6.Nxd4 cxd4 7.Qf3
e6 8.Nb5 Be5 9.c3 dxc3 10.bxc3 a6 11.Nd4 b5 12.Bd3 Bb7 13.O-O
Ne7 14.Qh3 d5 15.Nf3 Bg7 16.e5 Nc6 17.Re1 O-O 18.Ba3 Re8 19.Qg3
d4 20.Rad1 Qb6 21.Bd6 dxc3 22.dxc3 Ne7 23.Bxe7 Rxe7 24.Be4 Rc8
25.Ng5 Bxe4 26.Nxe4 h6 27.Rd6 Qa5 28.Red1 Qxa2 29.Qf4 Ree8 30.Rd7
Rf8 31.Nd6 Rc5 32.Rxf7 Rd8 33.Rxg7+ 1-0

[Event "DRUGA LIGA CENTRALNE SRBIJE 2013 - Istok"]
[Site "Zajecar"]
[Date "2013.10.11"]
[Round "3.33"]
[White "Komnenic, Branko"]
[Black "Tosic, Nebojsa"]
[Result "1/2-1/2"]
[WhiteElo "2276"]
[BlackElo "2171"]
[PlyCount "0"]
[EventDate "2013.10.10"]

1.d4 Nf6 2.Nf3 c5 3.e3 b6 4.Bd3 g6 5.c4 Bg7 6.Nc3 O-O 7.O-O d6
8.h3 Ba6 9.d5 Nfd7 10.e4 e5 11.Bg5 Bf6 12.Bd2 Bc8 13.a3 Na6 14.Rb1
Nc7 15.Bc2 Ba6 16.Qe2 Be7 17.Bh6 Re8 18.Ba4 Bf6 19.Bc6 Rb8 20.Nb5
Nxb5 21.cxb5 Bc8 22.Qe3 Re7 23.Qd3 Bg7 24.Bg5 Nf6 25.Qe3 Qf8
26.Nd2 h6 27.Bh4 Rc7 28.Qe2 Nh5 29.Bg3 Bf6 30.Nc4 Bg5 31.b4 f5
32.exf5 Bxf5 33.Rb3 Rf7 34.bxc5 bxc5 35.b6 axb6 36.Rxb6 Rxb6
37.Nxb6 Qd8 38.Nc4 Bf4 39.Kh2 Bc8 40.Rb1 Qg5 41.Rb3 Ba6 42.Qc2
Qf6 43.Be8 Rg7 44.Qe4 Kh7 45.Rb6 Bxc4 46.Qxc4 Qd8 47.Qb5 Qh4
48.Bxf4 Qxf4+ 49.Kg1 Nf6 50.Rxd6 Qc1+ 51.Kh2 Qf4+ 1/2-1/2

[Event "DRUGA LIGA CENTRALNE SRBIJE 2013 - Istok"]
[Site "Zajecar"]
[Date "2013.10.11"]
[Round "3.35"]
[White "Illijin, Neboisa"]
[Black "Kostic, Tomislav **"]
[Result "1-0"]
[WhiteElo "2166"]
[BlackElo "1991"]
[PlyCount "0"]
[EventDate "2013.10.10"]

1.e4 c5 2.Nf3 e6 3.d4 cxd4 4.Nxd4 a6 5.Bd3 Nf6 6.O-O Qc7 7.Qe2
d6 8.c4 Be7 9.Nc3 O-O 10.f4 Nbd7 11.Nf3 e5 12.f5 b6 13.Bg5 Bb7
14.Rac1 Rac8 15.Qe1 h6 16.Bd2 Qb8 17.Nd5 Nxd5 18.cxd5 Nc5 19.Bb1
a5 20.Qg3 Kh8 21.Nh4 Ba6 22.f6 Bxf6 23.Rxf6 gxf6 24.Nf5 Rg8 25.Qh4
Rg6 26.Bxh6 Nxe4 1-0

[Event "DRUGA LIGA CENTRALNE SRBIJE 2013 - Istok"]
[Site "Zajecar"]
[Date "2013.10.11"]
[Round "3.36"]
[White "Zivanovic, Zoran M"]
[Black "Ivic, Matija **"]
[Result "1-0"]
[WhiteElo "2026"]
[BlackElo "1923"]
[PlyCount "0"]
[EventDate "2013.10.10"]

1.e4 c5 2.Nf3 g6 3.Nc3 Bg7 4.d4 cxd4 5.Nxd4 Nc6 6.Nxc6 bxc6 7.Bd3
d6 8.O-O Nf6 9.f3 Rb8 10.Rb1 O-O 11.Be3 Qa5 12.Qd2 Rd8 13.Bh6
Bh8 14.Nd5 Qc5+ 1-0

[Event "DRUGA LIGA CENTRALNE SRBIJE 2013 - Istok"]
[Site "Zajecar"]
[Date "2013.10.11"]
[Round "3.37"]
[White "Ljuboja, Ognjen **"]
[Black "Kostic, Marko **"]
[Result "1-0"]
[WhiteElo "1810"]
[BlackElo "1731"]
[PlyCount "0"]
[EventDate "2013.10.10"]

1.e4 e5 2.Nf3 Nc6 3.Bb5 a6 4.Ba4 Nf6 5.d3 b5 6.Bb3 d6 7.O-O Be7
8.c3 Na5 9.Bc2 c5 10.Nbd2 O-O 11.Re1 Nc6 12.Nf1 Qc7 13.Ne3 Rd8
14.Nd5 Nxd5 15.exd5 Na5 16.d4 exd4 17.cxd4 c4 18.Ng5 g6 19.Qf3
Bf8 20.Bd2 Nb7 21.Ne4 f5 22.Ng5 Bg7 23.Qf4 Qb6 24.Qh4 h6 25.Nf3 1-0

[Event "DRUGA LIGA CENTRALNE SRBIJE 2013 - Istok"]
[Site "Zajecar"]
[Date "2013.10.11"]
[Round "3.38"]
[White "Dubravcic, Nikola **"]
[Black "Milic, Ivica"]
[Result "0-1"]
[WhiteElo "1658"]
[BlackElo "2013"]
[PlyCount "0"]
[EventDate "2013.10.10"]

1.e4 c6 2.d4 d5 3.exd5 cxd5 4.Bd3 Nf6 5.c3 Bg4 6.Nf3 e6 7.Bf4
Qb6 8.Qb3 Nbd7 9.Nbd2 Be7 10.O-O O-O 11.h3 Bh5 12.Rfe1 Bg6 13.Bxg6
hxg6 14.Ne5 Rfc8 15.Rac1 a5 16.Qxb6 Nxb6 17.a3 Na4 18.Rc2 b5
19.Rec1 Nxb2 20.Rxb2 Bxa3 21.Rcb1 Bxb2 22.Rxb2 a4 23.Nb1 Ne4
24.Bd2 a3 25.Ra2 Nxd2 26.Nxd2 Rxc3 27.Kh2 b4 28.Nb1 Rb3 29.Ra1
a2 30.Nd2 Rb2 31.Nef3 b3 32.Kg3 Rxd2 33.Nxd2 b2 0-1

[Event "DRUGA LIGA CENTRALNE SRBIJE 2013 - Istok"]
[Site "Zajecar"]
[Date "2013.10.11"]
[Round "3.41"]
[White "Garic, Radomir"]
[Black "Trailovic, Mile"]
[Result "0-1"]
[WhiteElo "2261"]
[BlackElo "2149"]
[PlyCount "0"]
[EventDate "2013.10.10"]

1.e4 d6 2.d4 Nf6 3.Nc3 g6 4.g3 Bg7 5.Bg2 O-O 6.Nge2 Nbd7 7.O-O
c6 8.a4 Qc7 9.b3 Rd8 10.Bb2 e5 11.Qd2 b6 12.Rad1 Bb7 13.f4 a6
14.Rf3 Bh6 15.Qe1 exd4 16.Nxd4 d5 17.e5 Re8 18.Nde2 Nh5 19.Qf2
Bf8 20.Rfd3 f5 21.Bf3 Ng7 22.Kg2 Nc5 23.R3d2 Nge6 24.Nd4 Nxd4
25.Qxd4 Ne6 26.Qf2 Bc5 27.Qe1 Bb4 28.Re2 Qe7 29.Qg1 Bc5 30.Qe1
g5 31.fxg5 Qxg5 32.Qd2 Qg6 33.Bc1 Bb4 34.Qe3 Bc5 35.Qh6 Nd4 36.Bh5
Qxh6 37.Bxh6 Re6 38.Bf4 Nxe2 39.Nxe2 h6 40.b4 Bxb4 41.Nd4 Rae8
42.Bxe8 Rxe8 43.Nxf5 h5 44.c4 d4 45.Nd6 Bxd6 46.exd6 c5+ 47.Kh3
Bc6 48.Rb1 Rb8 49.a5 b5 50.Kh4 Rb7 51.cxb5 axb5 52.Rd1 0-1

[Event "DRUGA LIGA CENTRALNE SRBIJE 2013 - Istok"]
[Site "Zajecar"]
[Date "2013.10.11"]
[Round "3.42"]
[White "Vlajic, Sasa"]
[Black "Cvetanovic, Uros **"]
[Result "0-1"]
[WhiteElo "2160"]
[BlackElo "2285"]
[PlyCount "0"]
[EventDate "2013.10.10"]

1.Nf3 c5 2.g3 g6 3.Bg2 Bg7 4.O-O Nc6 5.c4 e6 6.Nc3 Nge7 7.d3
O-O 8.Bf4 d6 9.Rb1 a6 10.Ne4 e5 11.Bd2 b5 12.a3 f5 13.Nc3 bxc4
14.dxc4 e4 15.Ne1 Be6 16.Nd5 Bxd5 17.cxd5 Nxd5 18.Bg5 Nde7 19.Nd3
Bf6 20.Nf4 Bxg5 21.Ne6 Qd7 22.Nxg5 h6 23.Nh3 g5 24.Qd2 Qe6 25.Rfd1
d5 26.Rbc1 c4 27.b3 cxb3 28.Nxg5 hxg5 29.Qxg5+ Kf7 30.f3 Qf6
31.Qe3 b2 32.Rb1 Ne5 33.fxe4 Ng4 34.Qf4 Qb6+ 0-1

[Event "DRUGA LIGA CENTRALNE SRBIJE 2013 - Istok"]
[Site "Zajecar"]
[Date "2013.10.11"]
[Round "3.43"]
[White "Djokic, Nebojsa"]
[Black "Tosic, Branislav"]
[Result "1-0"]
[WhiteElo "2193"]
[BlackElo "2248"]
[PlyCount "0"]
[EventDate "2013.10.10"]

1.e4 Nf6 2.e5 Nd5 3.d4 d6 4.Nf3 Bg4 5.Be2 e6 6.h3 Bh5 7.O-O Be7
8.c4 Nb6 9.exd6 cxd6 10.Nc3 O-O 11.Be3 N8d7 12.b3 Re8 13.Qd2
Nf6 14.a4 a6 15.a5 Nbd7 16.b4 e5 17.g4 Bg6 18.dxe5 dxe5 19.c5
Ne4 20.Nxe4 Bxe4 21.Qa2 Qc7 22.Nd2 Bg6 23.Nc4 Rad8 24.Rad1 Nb8
25.Nb6 Nc6 26.Qc4 Rxd1 27.Rxd1 Rd8 28.Nd5 Qc8 29.f4 exf4 30.Bxf4
Bf8 31.Bf3 Qe6 32.Qc3 f5 33.g5 Bf7 34.h4 Qe8 35.Bc7 Rd7 36.Re1
Qc8 37.Bd6 Bxd6 38.Nb6 Qc7 39.Nxd7 Bg3 40.Rd1 Bxh4 41.Bxc6 bxc6
42.Qe5 Qxe5 43.Nxe5 Be8 44.Rd8 Kf8 45.Nf3 Bg3 46.Ra8 Ke7 47.Rxa6
Bf4 48.Ra8 Bh5 49.Kg2 Kd7 50.Rg8 1-0

[Event "DRUGA LIGA CENTRALNE SRBIJE 2013 - Istok"]
[Site "Zajecar"]
[Date "2013.10.11"]
[Round "3.44"]
[White "Devetak, Dusan"]
[Black "Djukic, Slobodan D"]
[Result "1/2-1/2"]
[WhiteElo "2147"]
[BlackElo "2188"]
[PlyCount "0"]
[EventDate "2013.10.10"]

1.e4 c5 2.c4 Nc6 3.Nf3 g6 4.d4 cxd4 5.Nxd4 Bg7 6.Nxc6 bxc6 7.Nc3
d6 8.Be2 Nf6 9.Be3 O-O 10.O-O Nd7 11.Qd2 c5 12.Bh6 Ne5 13.Bxg7
Kxg7 14.f4 Nc6 15.Bf3 Rb8 16.Rad1 Nd4 17.Ne2 e5 18.Nxd4 cxd4
19.b4 f6 20.Rb1 Be6 21.Be2 Qb6 22.Bd3 Rbc8 23.Rbc1 Qb7 24.a4
f5 25.exf5 Bxf5 26.Bxf5 Rxf5 27.fxe5 Rxf1+ 28.Rxf1 dxe5 29.Qg5
Re8 30.Qf6+ Kg8 31.c5 Qd5 32.Qd6 Qxd6 33.cxd6 Kg7 34.Rc1 Kf6
35.Rc7 Rd8 36.d7 1/2-1/2

[Event "DRUGA LIGA CENTRALNE SRBIJE 2013 - Istok"]
[Site "Zajecar"]
[Date "2013.10.11"]
[Round "3.45"]
[White "Madjar, Stanislav"]
[Black "Dragic, Vladimir"]
[Result "1/2-1/2"]
[WhiteElo "2181"]
[BlackElo "2145"]
[PlyCount "0"]
[EventDate "2013.10.10"]

1.c4 g6 2.g3 Bg7 3.Bg2 e5 4.Nc3 d6 5.d3 f5 6.Nf3 Nf6 7.Bg5 Nbd7
8.O-O h6 9.Bxf6 Bxf6 10.Rb1 g5 11.Nd2 h5 12.e3 Nc5 13.Qe2 Ne6
14.d4 g4 15.dxe5 dxe5 16.f3 Ng5 17.Nd5 Bg7 18.f4 Ne6 19.fxe5
O-O 20.Nf4 Qe8 21.Nxe6 Bxe6 22.Bxb7 Rb8 23.Bg2 Bxe5 24.Nb3 Qe7
25.Nd4 Bd7 26.Bd5+ Kg7 27.Qd3 Qf6 28.b4 h4 29.Ne2 Rh8 1/2-1/2

[Event "DRUGA LIGA CENTRALNE SRBIJE 2013 - Istok"]
[Site "Zajecar"]
[Date "2013.10.11"]
[Round "3.46"]
[White "Floricelovic, Milos *"]
[Black "Mickovic, Slavisa"]
[Result "1-0"]
[WhiteElo "2042"]
[BlackElo "2119"]
[PlyCount "0"]
[EventDate "2013.10.10"]

1.e4 c6 2.d4 d5 3.Nd2 dxe4 4.Nxe4 Nd7 5.Nf3 Ngf6 6.Ng3 e6 7.Bd3
Qc7 8.Qe2 Be7 9.O-O O-O 10.Re1 c5 11.c4 cxd4 12.Nxd4 Bc5 13.Nb5
Qc6 14.Ne4 a6 15.Nbc3 Bd4 16.Bg5 h6 17.Bh4 Qb6 18.Rad1 g6 19.Rd2
Nh5 20.Bb1 Bg7 21.Red1 Ndf6 22.Nxf6+ Nxf6 23.Qf3 Nh7 24.Be7 Re8
25.Rd8 Rxd8 26.Rxd8+ Nf8 27.Bxg6 fxg6 28.Rxf8+ Kh7 29.Qf7 1-0

[Event "DRUGA LIGA CENTRALNE SRBIJE 2013 - Istok"]
[Site "Zajecar"]
[Date "2013.10.11"]
[Round "3.51"]
[White "Delchev, Aleksander"]
[Black "Urosevic, Goran"]
[Result "1/2-1/2"]
[WhiteElo "2643"]
[BlackElo "2239"]
[PlyCount "0"]
[EventDate "2013.10.10"]

1.e4 c5 2.Nf3 Nc6 3.Bb5 Qb6 4.Nc3 e6 5.Bxc6 Qxc6 6.d4 cxd4 7.Nxd4
Qc7 8.O-O a6 9.Re1 d6 10.Bf4 e5 11.Nd5 Qd8 12.Be3 Nf6 13.Ne2
Nxd5 14.Qxd5 Be7 15.c4 O-O 16.b3 Qc7 17.Nc3 Qc6 18.Qxc6 bxc6
19.c5 Be6 20.cxd6 Bxd6 21.Na4 a5 22.Bc5 Rfd8 23.Red1 Bc7 24.Bb6
Bxb6 25.Nxb6 Rab8 26.Na4 Kf8 27.Kf1 Ke7 28.Ke2 f6 29.Nc5 Rxd1
30.Rxd1 Rb5 31.Rc1 Bc8 32.a4 Rb6 33.Rd1 Rb4 34.Rd3 Rb6 35.Kd2
Rb8 36.Kc3 Rb6 37.Rd2 Rb8 38.f3 Rb6 39.h4 h5 40.g3 Rb8 41.f4
Rb4 42.f5 Rb8 43.Rd3 Rb4 44.Kd2 Rb6 45.Ke3 Rb8 46.Kf3 Rb4 47.Kf2
Rb8 48.Ke1 Rb4 49.Kd2 Rb6 50.Kc3 Rb4 51.Kb2 Rb6 52.Ka3 Rb4 53.Rd2
Rb8 54.Rd1 Rb4 55.Kb2 Rb8 56.Kc2 Rb4 57.Rd3 Rb8 58.Rc3 Kd6 59.Rc4
Rb6 60.Kb2 Rb8 61.Kc3 Rb6 62.Kd2 Rb8 63.Kd3 Rb6 64.Kc3 Ba6 65.Nxa6
Rxa6 66.b4 axb4+ 67.Kxb4 Ra8 68.a5 Rb8+ 69.Kc3 Ra8 70.Ra4 Kc5
71.Kb3 Ra7 72.Ra1 Kb5 73.g4 Rxa5 74.Rg1 Ra4 75.gxh5 Rxe4 76.Rxg7
Rxh4 77.Rg6 Rxh5 78.Rxf6 Kc5 79.Kc3 Kd5 80.Kd2 c5 81.Rf8 e4 82.f6
Ke6 83.Re8+ Kxf6 84.Rxe4 1/2-1/2

[Event "DRUGA LIGA CENTRALNE SRBIJE 2013 - Istok"]
[Site "Zajecar"]
[Date "2013.10.11"]
[Round "3.52"]
[White "Madic, Zivko"]
[Black "Mincic, Srbislav"]
[Result "1/2-1/2"]
[WhiteElo "2087"]
[BlackElo "2244"]
[PlyCount "0"]
[EventDate "2013.10.10"]

1.d4 d5 2.c4 c6 3.cxd5 cxd5 4.Nf3 Nc6 5.Nc3 Nf6 6.Bf4 a6 7.e3
e6 8.Bd3 Be7 9.h3 b5 10.O-O Bb7 11.Qe2 O-O 12.Rfd1 Qa5 13.a3
Rfd8 14.b4 Qb6 15.Nd2 Rac8 16.Rac1 Na7 17.Nb3 Ne4 18.Bxe4 dxe4
19.Nc5 f5 20.Qa2 Bd5 21.Nxd5 exd5 22.a4 bxa4 23.Qxa4 Nb5 24.Rc2
Rc6 25.Ra1 Bd6 26.Bg5 Rdc8 27.Qb3 Nc7 28.g3 Bxc5 29.Rxc5 Rxc5
30.dxc5 Qc6 31.Rd1 a5 32.Bf4 axb4 33.Bxc7 Qxc7 34.Qxd5+ Qf7 35.Qe5
h6 36.Rd4 b3 37.Rb4 Qd7 38.Kg2 Qf7 39.Rb6 Kh7 40.g4 Rf8 41.gxf5
Qxf5 42.Qxf5+ Rxf5 43.h4 Rxc5 44.Rxb3 1/2-1/2

[Event "DRUGA LIGA CENTRALNE SRBIJE 2013 - Istok"]
[Site "Zajecar"]
[Date "2013.10.11"]
[Round "3.53"]
[White "Trickovic, Borivoje"]
[Black "Pantic, Dejan"]
[Result "1-0"]
[WhiteElo "2259"]
[BlackElo "1859"]
[PlyCount "0"]
[EventDate "2013.10.10"]

1.d4 Nf6 2.Bg5 d5 3.Bxf6 exf6 4.e3 Be7 5.Bd3 c5 6.dxc5 Bxc5 7.Nf3
Bg4 8.c3 Nc6 9.Nbd2 O-O 10.Qa4 Bh5 11.Nb3 Bb6 12.O-O-O Ne5 13.Be2
Ng4 14.Nfd4 Nxf2 15.Bxh5 Nxh1 16.Rxh1 Qe8 17.Qxe8 Rfxe8 18.Kd2
Re5 19.Bf3 Rae8 20.Re1 f5 21.Nc2 g5 22.Nbd4 g4 23.Be2 Bd8 24.Bb5
R8e7 25.Rf1 a6 26.Bd3 Re8 27.Bxf5 Bg5 28.Bxg4 Bxe3+ 29.Nxe3 Rxe3
30.Bh5 R8e5 31.Bxf7+ Kh8 32.Bxd5 1-0

[Event "DRUGA LIGA CENTRALNE SRBIJE 2013 - Istok"]
[Site "Zajecar"]
[Date "2013.10.11"]
[Round "3.54"]
[White "Jakovljevic, Dejan"]
[Black "Dimitrijevic, Dusan *"]
[Result "0-1"]
[WhiteElo "1940"]
[BlackElo "2048"]
[PlyCount "0"]
[EventDate "2013.10.10"]

1.e4 e5 2.d4 d6 3.dxe5 dxe5 4.Qxd8+ Kxd8 5.f4 Nf6 6.Nc3 Bb4 7.Bd2
exf4 8.O-O-O Bg4 9.Be2 Nbd7 10.Bf3 Re8 11.Nge2 g5 12.Rhe1 c6
13.a3 Bc5 14.Na4 Bf8 15.Bc3 Kc7 16.Nd4 Ne5 17.h3 Bd7 18.Nb3 b6
19.Nd2 h5 20.Bxe5+ Rxe5 21.Nc4 Re6 22.e5 Rae8 23.Kd2 g4 24.hxg4
hxg4 25.Be2 Ne4+ 26.Kc1 Nf2 27.Rd4 b5 28.Nd6 Bxd6 29.exd6+ Rxd6
30.Rxd6 Kxd6 31.Nc3 f3 0-1